000 00450nam a2200193Ia 4500
005 20240823035710.0
008 240823s9999||||xx |||||||||||||| ||und||
020 _a0-412-43370-2
041 _aENGLISH
082 _A546 N1
100 _aLee J D
245 0 _aConcise inorganic Chemistry
250 _a4th
260 _c1991
_bELBS with Chapman &
500 _aTRANSFERED
650 _aChemistry
_bChemistry
942 _cBK
999 _c201306
_d201306